Quiz Tags on Jetpunk.com - Statistics

General Stats
  • This quiz has been taken 82 times
    65 since last reset
  • The average score is 7 of 24
Answer Stats
# of quizzes TAG % Correct
1886 Geography
92%
486 History
65%
1057 Music
50%
910 Movie
45%
1701 Sports
43%
35 Prueba en español 
37%
2654 Misc Topic
35%
301 Language
33%
3 Italiana Quiz
32%
576 Video Game
32%
35 Deutsch Quiz
30%
52 Quiz do Português
25%
805 Television
23%
15 Suomen tietokilpailuja 
22%
411 Word
22%
41 Polsko quizu
18%
81 Picture
17%
16 Nederlandse Quizzen
12%
3 Danske quizzer
10%
2342 General interest
10%
2646 Quizzes by place
8%
204 Quizzes by time period
8%
73 Seasonal
5%
206 Natura
2%
No matching quizzes found
Score Distribution
Percent of People with Each Score
Percentile by Number Answered
Your Score History
You have not taken this quiz since the last reset